| 000 | nam a22 a 4500 | ||
|---|---|---|---|
| 999 |
_c422297 _d422297 |
||
| 003 | BLK | ||
| 005 | 20210630121506.0 | ||
| 008 | 210623b bu |||||r|||| 00| | bu d | ||
| 040 | _aBLK | ||
| 041 |
_aBUL _cBUL |
||
| 080 |
_aРуска литература _b821.161.1 _z821.161.1(081) |
||
| 100 |
_9367913 _aЧехов, Антон Павлович _eпърви автор |
||
| 139 | _aЧехов, Антон Павлович | ||
| 245 |
_aСъбрани съчинения : _bТ. 1 - 14 _cА. П. Чехов; прев. Димитър Симидов _nТ. 12 _pРазкази |
||
| 260 |
_9209548 _aСофия _bНаука и изкуство _c1949 |
||
| 300 |
_a255 с. _c17 см |
||
| 380 | _aX | ||
| 700 |
_9373165 _aСимидов, Димитър Асенов _eпрев. |
||
| 852 | _aЦб 8.175.30686 | ||
| 942 |
_cKNG _n0 _s1 |
||
| 944 |
_aCR _kНР |
||
| 999 | _d422295 | ||
| 999 | _d422294 | ||
| 999 | _d422269 | ||
| 999 | _d422266 | ||
| 999 | _d421098 | ||